| 000 | 00456nam a22001937a 4500 | ||
|---|---|---|---|
| 003 | MPLRDC | ||
| 005 | 20220104113942.0 | ||
| 008 | 210129b ||||| |||| 00| 0 eng d | ||
| 020 | _a957-32-0589-0 | ||
| 082 | _a848.2 XY-2 v.1 | ||
| 100 | _a小野著 | ||
| 245 |
_a生烟井 _c |
||
| 250 | _a初版二刷 | ||
| 260 |
_a _b远流出版公司 _c1991 |
||
| 300 | _b平 | ||
| 490 | _a小说散文;1 | ||
| 650 | _a现代别集 | ||
| 942 |
_cBK _o848.2 XY-2 v.1 |
||
| 999 |
_c3654 _d3644 |
||